Militarismo y reformismo en Honduras

Gorde:
Xehetasun bibliografikoak
Egile nagusia: Salomón, Leticia
Formatua: Texto
Argitaratua: Tegucigalpa: Guaymuras
Etiketak: Etiketa erantsi
Etiketarik gabe, Izan zaitez lehena erregistro honi etiketa jartzen!

MARC

LEADER 00000 a a2200000 04500
001 24971
003
040
090 |a 176500  
100 |a Salomón, Leticia  
245 |a Militarismo y reformismo en Honduras  
260 |a Tegucigalpa:   |b Guaymuras  
300 |a 245 p   |b **no definido**  
999 |c 13112  |d 13112